000 00753nam a2200229Ia 4500
001 15965
003 GE_BSU
008 181216s||||||||xx |||||||||||||| ||und||
040 _cGE_BSU
080 _a821.353.1-1
100 _aხოშტარია, ილია
245 _aსიცოცხლის სიხარული
245 _bლექსები
245 _cრედ.ვ.ჯიბუტი. მხ.ვ.გულისაშვილი. ვლ.ტოროტაძე
260 _aთბილისი
260 _bსახელგამი
260 _c1953
300 _a99გვ. ; 18სმ.
653 _aლექსები
653 _aსიცოცხლის სიხარული
942 _cBK
999 _c49059
_d49059